[Event "USA-ch Juniors Open 2019"]
[Site "Saint Louis"]
[Date "2019.07.12"]
[Round "2.4"]
[White "Niemann, Hans Moke"]
[Black "Yu, Jennifer"]
[Result "1-0"]
[WhiteElo "2467"]
[BlackElo "2341"]
[PlyCount "59"]
[EventDate "2019.07.09"]
[EventType "tourn"]
[EventCountry "USA"]
[TimeControl "40/5400+30:1800+30"]

1. Nf3 {[%emt 0:00:00]} d5 {[%emt 0:00:00]} 2. c4 {[%emt 0:00:00]} e6 {[%emt 0:00:09]} 3. b3 {[%emt 0:01:10]} Nf6 {[%emt 0:01:59]} 4. Bb2 {[%emt 0:00:06]} Bd6 {[%emt 0:03:39]} 5. g4 {[%emt 0:04:39]} Nxg4 {[%emt 0:11:31]} 6. Rg1 {[%emt 0:03:43]} e5 {[%emt 0:04:02]} 7. h3 {[%emt 0:00:59]} e4 {[%emt 0:00:19]} 8. hxg4 {[%emt 0:00:18]} exf3 {[%emt 0:00:05]} 9. e3 {[%emt 0:00:12]} Qg5 {[%emt 0:20:12]} 10. Qxf3 {[%emt 0:10:55]} h5 {[%emt 0:12:40]} 11. Nc3 {[%emt 0:04:13]} hxg4 {[%emt 0:03:06]} 12. Qxd5 {[%emt 0:03:36]} Qxd5 {[%emt 0:04:07]} 13. Nxd5 {[%emt 0:00:31]} Kf8 {[%emt 0:00:22]} 14. e4 {[%emt 0:10:59]} Na6 {[%emt 0:15:58]} 15. Be2 {[%emt 0:05:21]} f6 {[%emt 0:01:57]} 16. d4 {[%emt 0:01:40]} Bh2 {[%emt 0:04:22]} 17. Rg2 {[%emt 0:01:35]} Rh4 {[%emt 0:00:14]} 18. Kd2 {[%emt 0:04:18]} Bd7 {[%emt 0:02:59]} 19. Kc2 {[%emt 0:05:11]} Re8 {[%emt 0:05:11]} 20. Rh1 {[%emt 0:05:44]} g3 {[%emt 0:02:20]} 21. fxg3 {[%emt 0:01:10]} Bxg3 {[%emt 0:00:03]} 22. Ba3+ {[%emt 0:00:07]} c5 {[%emt 0:00:26]} 23. Rxh4 {[%emt 0:00:03]} Bxh4 {[%emt 0:00:04]} 24. dxc5 {[%emt 0:00:05]} Kg8 {[%emt 0:02:27]} 25. Bd3 {[%emt 0:00:38]} Nb8 {[%emt 0:00:30]} 26. Bb2 {[%emt 0:00:15]} Kf7 {[%emt 0:00:14]} 27. e5 {[%emt 0:00:15]} Bg5 {[%emt 0:02:58]} 28. exf6 {[%emt 0:00:33]} gxf6 {[%emt 0:00:03]} 29. Bxf6 {[%emt 0:00:17]} Bxf6 {[%emt 0:00:23]} 30. Bg6+ 1-0

[Event "USA-ch Juniors Open 2019"]
[Site "Saint Louis"]
[Date "2019.07.12"]
[Round "2.5"]
[White "Checa, Nicolas"]
[Black "Jacobson, Brandon"]
[Result "1/2-1/2"]
[WhiteElo "2506"]
[BlackElo "2456"]
[Annotator "ChessBase"]
[PlyCount "128"]
[EventDate "2019.07.09"]
[EventType "tourn"]
[EventCountry "USA"]
[SourceTitle "playchess.com"]
[Source "ChessBase"]
[SourceQuality "1"]
[TimeControl "40/5400+30:1800+30"]

1. d4 {[%emt 0:00:00]} Nf6 {[%emt 0:00:00]} 2. Nf3 {[%emt 0:00:00]} d5 {[%emt 0:00:00]} 3. c4 {[%emt 0:00:32]} e6 {[%emt 0:00:00]} 4. Nc3 {[%emt 0:00:05]} a6 {[%emt 0:00:00]} 5. cxd5 {[%emt 0:02:55]} exd5 {[%emt 0:00:00]} 6. Bg5 {[%emt 0:00:10]} Be6 {[%emt 0:00:00]} 7. e3 {[%emt 0:00:16]} Nbd7 {[%emt 0:00:02]} 8. h3 {[%emt 0:06:36]} Bd6 {[%emt 0:02:17]} 9. Bd3 {[%emt 0:00:24]} c6 {[%emt 0:00:24]} 10. O-O {[%emt 0:00:13]} Qc7 {[%emt 0:00:51]} 11. Qd2 {[%emt 0:03:13]} O-O {[%emt 0:00:07]} 12. Rac1 {[%emt 0:02:12]} Rfe8 {[%emt 0:04:00]} 13. Rfe1 {[%emt 0:08:05]} g6 {[%emt 0:18:14]} 14. Bf4 {[%emt 0:04:31]} Rad8 {[%emt 0:00:51]} 15. b3 {[%emt 0:05:40]} Qb8 {[%emt 0:11:03]} 16. Rb1 {[%emt 0:07:09]} Qc7 {[%emt 0:17:33]} 17. a4 {[%emt 0:05:10]} Nb6 {[%emt 0:03:35]} 18. Ne2 {[%emt 0:04:12]} Ne4 {[%emt 0:14:50]} 19. Qa5 {[%emt 0:05:33]} Na8 {[%emt 0:01:52]} 20. Qxc7 {[%emt 0:00:56]} Nxc7 {[%emt 0:00:03]} 21. Rec1 {[%emt 0:03:43]} Bf5 {[%emt 0:03:33]} 22. Bxd6 {[%emt 0:09:52]} Nxd6 {[%emt 0:00:09]} 23. Bxf5 {[%emt 0:00:04]} Nxf5 {[%emt 0:00:05]} 24. g4 {[%emt 0:00:04]} Nd6 {[%emt 0:00:10]} 25. Kg2 {[%emt 0:00:10]} Kg7 {[%emt 0:00:58]} 26. Nf4 {[%emt 0:00:23]} Re7 {[%emt 0:01:39]} 27. Ne5 {[%emt 0:02:09]} Ne6 {[%emt 0:01:59]} 28. Nfd3 {[%emt 0:03:40]} f6 {[%emt 0:00:48]} 29. Nf3 {[%emt 0:00:04]} Rh8 {[%emt 0:00:22]} 30. Nc5 {[%emt 0:01:34]} h5 {[%emt 0:00:48]} 31. Nxe6+ {[%emt 0:02:55]} Rxe6 {[%emt 0:00:13]} 32. Rh1 {[%emt 0:01:28]} Ne4 {[%emt 0:03:48]} 33. Rbc1 {[%emt 0:03:23]} a5 {[%emt 0:01:46]} 34. Rc2 {[%emt 0:01:25]} Ree8 {[%emt 0:01:09]} 35. Rb1 {[%emt 0:02:12]} hxg4 {[%emt 0:05:07]} 36. hxg4 {[%emt 0:00:35]} Nd6 {[%emt 0:00:04]} 37. Rh1 {[%emt 0:03:18]} Rxh1 {[%emt 0:03:59]} 38. Kxh1 {[%emt 0:00:03]} Re4 {[%emt 0:00:07]} 39. Nh2 {[%emt 0:00:06]} f5 {[%emt 0:01:27]} 40. gxf5 {[%emt 0:00:00]} gxf5 {[%emt 0:00:00]} 41. Kg2 {[%emt 0:14:38]} f4 {[%emt 0:00:21]} 42. Nf1 {[%emt 0:00:08]} Nf5 {[%emt 0:00:32]} 43. Rc3 {[%emt 0:00:59]} Kf6 {[%emt 0:04:02]} 44. Nd2 {[%emt 0:02:02]} Re8 {[%emt 0:00:16]} 45. Kf3 {[%emt 0:00:24]} fxe3 {[%emt 0:00:11]} 46. fxe3 {[%emt 0:00:07]} Rh8 {[%emt 0:00:25]} 47. Nf1 {[%emt 0:01:52]} Nd6 {[%emt 0:06:45]} 48. Rc5 {[%emt 0:01:38]} Ra8 {[%emt 0:06:34]} 49. Ng3 {[%emt 0:00:54]} Ke7 {[%emt 0:03:56]} 50. Rc1 {[%emt 0:04:11]} Rf8+ {[%emt 0:00:39]} 51. Kg2 {[%emt 0:00:10]} Kd7 {[%emt 0:01:07]} 52. Rh1 {[%emt 0:01:21]} Rf7 {[%emt 0:00:26]} 53. Rh8 {[%emt 0:01:08]} Kc7 {[%emt 0:00:02]} 54. Rh1 {[%emt 0:01:16]} b5 {[%emt 0:01:12]} 55. axb5 {[%emt 0:03:41]} cxb5 {[%emt 0:00:19]} 56. Rh8 {[%emt 0:04:36]} Kb7 {[%emt 0:07:34]} 57. Rd8 {[%emt 0:03:38]} Ne4 {[%emt 0:06:19]} 58. Nxe4 {[%emt 0:03:40]} dxe4 {[%emt 0:00:02]} 59. Rd5 {[%emt 0:00:53]} Kb6 {[%emt 0:02:41]} 60. Rd6+ {[%emt 0:00:08]} Ka7 {[%emt 0:01:18]} 61. Rd5 {[%emt 0:00:29]} Kb6 {[%emt 0:00:52]} 62. Rd6+ {[%emt 0:00:27]} Kb7 {[%emt 0:00:12]} 63. Rd5 {[%emt 0:01:08]} Kc6 {[%emt 0:00:41]} 64. Re5 {[%emt 0:00:37]} a4 {[%emt 0:01:05]} 1/2-1/2

[Event "USA-ch Juniors Open 2019"]
[Site "Saint Louis"]
[Date "2019.07.13"]
[Round "3.1"]
[White "Jacobson, Brandon"]
[Black "Vaidya, Atulya"]
[Result "1/2-1/2"]
[WhiteElo "2456"]
[BlackElo "2118"]
[Annotator "TA"]
[PlyCount "61"]
[EventDate "2019.07.09"]
[EventType "tourn"]
[EventCountry "USA"]
[SourceTitle "playchess.com"]
[Source "ChessBase"]
[SourceQuality "1"]

{[%evp 9,61,40,63,81,68,71,157,157,166,154,148,161,175,172,158,155,176,177,178,160,167,171,189,160,187,191,229,220,244,176,256,254,263,250,252,236,268,227,205,222,222,0,0,0,0,0,0,0,0,0,0,0,0,0]} 1. e4 Nf6 2. e5 Nd5 3. d4 d6 4. Nf3 Bg4 5. Be2 dxe5 6. Nxe5 {B05: Alekhine's Defence: 4 Nf3 Bg4} Bxe2 7. Qxe2 c6 ({Black should play} 7... Nd7) 8. Qf3 $1 $16 {[%csl Ge5][%cal Rf3f7] White is clearly better.} (8. O-O e6 9. c4 Nf6 10. Rd1 Be7 11. Nc3 O-O 12. Bf4 Nbd7 13. a3 Re8 {1-0 (42) Ponizil,C (2464)-Biolek,R (2445) Czech Republic 2016}) 8... Nf6 {[#]} 9. Qb3 $1 {[%csl Ge5][%cal Rb3f7]} e6 10. Qxb7 $40 {[%csl Ge5][%cal Rb7f7][%mdl 192] Double Attack. White attacks with force.} Nbd7 $146 ({Predecessor:} 10... Qxd4 11. Qxf7+ Kd8 12. Qxe6 Bb4+ 13. Kf1 Qd1# {0-1 (13) Grishin,M-Gush,M Serpukhov 2001}) 11. Nxd7 ({Resist} 11. Nxc6 Qc8 $16) 11... Nxd7 12. Qxc6 Rc8 13. Qf3 Bd6 14. c3 O-O {[#]} 15. O-O $1 Qb6 16. Nd2 Rfe8 17. Ne4 Bf8 18. b3 Qc6 19. Bb2 h6 (19... e5 $142 20. Rac1 Qe6) 20. c4 $18 a5 21. Rad1 a4 22. Rd3 Qa6 23. d5 exd5 24. Rxd5 Qe6 25. Rxd7 $2 (25. Ng3 $18) 25... Qxd7 $11 {The position is equal.} 26. Nf6+ gxf6 27. Qxf6 {[%csl Gb2][%cal Rf6h8]} Kh7 {...Rc6 is the strong threat.} 28. Qh8+ Kg6 {White must now prevent ...Rc6.} 29. Qf6+ Kh7 $1 {Strongly threatening ...Rc6.} 30. Qh8+ Kg6 {Threatens to win with ...Rc6.} 31. Qf6+ {Accuracy: White = 89%, Black = 45%.} 1/2-1/2

[Event "USA-ch Juniors Open 2019"]
[Site "Saint Louis"]
[Date "2019.07.13"]
[Round "3.2"]
[White "Yu, Jennifer"]
[Black "Checa, Nicolas"]
[Result "0-1"]
[WhiteElo "2341"]
[BlackElo "2506"]
[Annotator "TA"]
[PlyCount "110"]
[EventDate "2019.07.09"]
[EventType "tourn"]
[EventCountry "USA"]
[SourceTitle "playchess.com"]
[Source "ChessBase"]
[SourceQuality "1"]

{[%evp 9,110,16,28,19,21,23,21,26,22,0,0,0,62,40,30,17,24,-12,61,0,7,-21,-14,-20,-1,-24,4,0,8,-80,-89,-89,-89,-75,-82,-85,-92,-89,-89,-74,-68,-70,-81,-87,-85,-116,-116,-129,-121,-133,-62,-59,-51,-58,-11,-5,0,0,0,0,4,0,0,-7,0,-33,-17,-58,-53,-53,-53,-81,-69,-86,-86,-76,-72,-72,-61,-71,-60,-54,-54,-53,-54,-135,-118,-398,-397,-400,-392,-372,-365,-341,-333,-510,-510,-506,-506,-500,-459,-538,-524]} 1. d4 d5 2. c4 c6 3. cxd5 cxd5 4. Bf4 Nc6 5. e3 Bf5 (5... Nf6 6. Bd3 Bg4 7. Ne2 e6 8. Nbc3 a6 9. Qb3 Na5 10. Qa4+ Nc6 11. Ng3 Bh5 12. Nxh5 Nxh5 13. Be5 Bd6 14. O-O O-O 15. Bxd6 Qxd6 16. Rfc1 Nf6 {½-½ (47) Korobov,A (2756)-Bu,X (2722) Hengshui 2019}) 6. Nc3 {D10: Slav Defence: 3 cxd5 (without early Nf3) and 3 Nc3} e6 7. Qb3 Qd7 8. Nf3 {The position is equal.} f6 9. Rc1 g5 10. Bg3 Bg6 $146 (10... h5 $11 11. h4 g4) ({Predecessor:} 10... Kf7 11. Bb5 Rc8 12. O-O Bd6 13. e4 dxe4 14. d5 exf3 15. dxc6 bxc6 16. Rcd1 Qb7 17. Rxd6 cxb5 18. Re1 Kg6 19. h4 gxh4 {½-½ (19) Esen,B (2565)-Solak,D (2628) Adana 2015}) 11. Bb5 Nge7 12. Na4 {Threatens to win with Nc5.} Nf5 13. Be5 Kf7 {[#]} ({Of course not} 13... fxe5 $6 14. Nxe5 Qc7 15. Rxc6 $16 (15. Bxc6+ bxc6 16. Rxc6 Qa5+ 17. Nc3 Nd6 $14)) (13... Be7 $1 $11 14. h3 Rc8) 14. Nxg5+ $1 {[%mdl 512]} Kg7 $11 (14... fxg5 15. Bxh8) 15. Nf3 fxe5 16. Bxc6 bxc6 17. Nxe5 Qc7 {White must now prevent ...Rb8.} 18. Rxc6 Qa5+ 19. Ke2 (19. Nc3 $11 {keeps the balance.} Bb4 20. O-O) 19... Be7 $17 20. Nc5 Bxc5 $1 21. Rxc5 Qa6+ 22. Qb5 Qxb5+ 23. Rxb5 Rab8 $36 {[%mdl 2048] Black has strong initiative.} 24. Rxb8 Rxb8 25. b3 Rc8 $1 {[%cal Rc8c2] And now ...Rc2+ would win.} 26. Nxg6 hxg6 {[%mdl 4096] Endgame KRN-KR} 27. Kd2 Nh4 28. Rg1 Kf6 29. f3 e5 (29... g5 $17 30. Kd3 Nf5) 30. dxe5+ $1 $15 Kxe5 31. Kd3 Nf5 32. g4 Nd6 (32... Nh4 {seems wilder.} 33. f4+ Kf6 34. Rf1 Rc7 35. h3 Rc6) 33. h4 Rh8 34. Rh1 Ne8 35. a4 a5 36. Rc1 Rxh4 37. Rc5 Rh3 38. f4+ Kd6 $1 {[%cal Rd6c5]} 39. Rxa5 {Threatening Ra6+.} Nc7 40. g5 Rh1 41. Kc2 Re1 42. Kd2 Ra1 43. Kd3 Kc6 44. e4 Rd1+ 45. Kc2 Rd4 46. exd5+ $1 Kd6 47. Kc3 (47. Ra7 $15) 47... Rxf4 $17 48. b4 $2 {[%mdl 8192]} (48. Kb2 $17) 48... Nxd5+ $19 {[%mdl 64] Double Attack} 49. Kd2 Rxb4 50. Ra6+ Rb6 51. Ra8 Ke5 52. a5 (52. Kd3 $142) 52... Rb2+ {Black is clearly winning.} 53. Kd3 Ra2 54. Re8+ Kf5 55. Kd4 {Re5+ is the strong threat.} Rxa5 {Accuracy: White = 42%, Black = 70%.} 0-1

[Event "USA-ch Juniors Open 2019"]
[Site "Saint Louis"]
[Date "2019.07.13"]
[Round "3.3"]
[White "Tang, Andrew"]
[Black "Niemann, Hans Moke"]
[Result "1/2-1/2"]
[WhiteElo "2495"]
[BlackElo "2467"]
[PlyCount "80"]
[EventDate "2019.07.09"]
[EventType "tourn"]
[EventCountry "USA"]

{[%evp 10,80,38,18,35,21,29,14,9,16,7,7,14,14,22,14,20,14,12,23,20,25,22,29,14,17,41,30,66,15,15,15,20,-9,-10,-24,0,0,0,0,22,25,24,17,47,43,43,22,25,11,12,27,60,70,66,64,50,45,47,81,64,8,8,8,8,8,8,8,8,8,29,8,8]} 1. d4 Nf6 ({Predecessor:} 1... d5 2. c4 c6 3. Nf3 {1-0 (46) Tikkanen,H (2503)-Grandelius,N (2642) Stockholm 2017}) 2. c4 c6 3. Nf3 d5 4. e3 Bf5 5. Nc3 a6 6. Qb3 b5 $146 {D15: Slav Defence: 4 Nc3 a6 and gambit lines after 4 Nc3 dxc4} (6... Ra7 7. Nh4 Bc8 8. Bd2 e6 9. c5 Nbd7 10. Nf3 e5 11. Nxe5 Nxe5 12. dxe5 Nd7 13. Na4 Bxc5 14. Nxc5 Nxc5 {0-1 (84) Radjabov,T (2757)-Fedoseev,V (2724) Wijk aan Zee 2019}) 7. cxd5 cxd5 8. a4 b4 $1 {[%cal Rb4c3]} 9. Qxb4 Nc6 10. Qc5 Bd7 11. Ne5 e6 12. Nxc6 Qc7 13. Ne7 Qxc5 14. dxc5 {[#] Threatens to win with c6.} Bxe7 15. b4 {[%cal Bb2b4,Bb4b5][%mdl 32]} a5 16. b5 Bxc5 17. Bd3 Ke7 18. Bb2 Rhc8 19. Ke2 ({White should try} 19. O-O $14) 19... e5 $11 20. Rhc1 Be6 21. f3 Nd7 22. Nb1 (22. Bxh7 g6 $17) 22... Bd6 23. Nd2 Nc5 24. Ba3 ({But not} 24. Bxh7 g6 $17) 24... Nb7 25. Bxd6+ ({Much weaker is} 25. Bxh7 Bxa3 26. Rxc8 Rxc8 $17) 25... Kxd6 26. e4 ({Of course not} 26. Bxh7 g6 $15) 26... d4 27. Bc4 f6 28. Bxe6 Kxe6 29. Nc4 Rc5 $1 {[#] aiming for ...Rac8.} 30. Nb6 Rb8 31. Rxc5 Nxc5 $14 {[%mdl 4096] Endgame KRN-KRN} 32. Rc1 $1 Nxe4 $1 {Strongly threatening ...Nc3+.} 33. Rc6+ Nd6 34. Nc4 Rd8 35. Nxa5 (35. Ra6 $14 Kd5 36. Nxd6 Rxd6 37. Rxa5) 35... Kd5 $11 36. Nb3 {Hoping for Rc5+.} Rc8 $1 {[%cal Rc8c6]} 37. Rxc8 Nxc8 38. a5 Nd6 39. b6 Kc6 40. f4 Kb5 {Accuracy: White = 66%, Black = 71%.} 1/2-1/2

[Event "USA-ch Juniors Open 2019"]
[Site "Saint Louis"]
[Date "2019.07.13"]
[Round "3.4"]
[White "Hilby, Craig"]
[Black "Burke, John M"]
[Result "1/2-1/2"]
[WhiteElo "2433"]
[BlackElo "2562"]
[Annotator "TA"]
[PlyCount "89"]
[EventDate "2019.07.09"]
[EventType "tourn"]
[EventCountry "USA"]
[SourceTitle "playchess.com"]
[Source "ChessBase"]
[SourceQuality "1"]

{[%evp 10,89,9,29,8,27,15,8,20,8,4,-20,-3,-13,-5,-28,0,-34,-6,-52,-40,-51,-23,-32,0,-12,-5,-60,29,-53,-50,-106,-76,-174,0,0,0,0,0,-14,103,104,346,354,309,185,581,568,624,306,303,315,298,184,191,62,60,55,164,163,175,170,170,161,163,162,175,135,154,85,114,75,85,84,97,106,99,8,8,8,14,7]} 1. c4 e5 2. g3 Nf6 3. Bg2 d5 4. cxd5 Nxd5 5. Nc3 Nb6 6. e3 Nc6 {A22: English Opening: 1...e5 2 Nc3 Nf6} 7. Nge2 h5 (7... Qd3 8. f4 Bb4 9. fxe5 Nxe5 10. Nf4 Qa6 11. Qc2 O-O 12. d4 Ng4 13. Nd3 Bxc3+ 14. Qxc3 {½-½ (36) Aronian,L (2762)-Nepomniachtchi,I (2773) Moscow 2019}) 8. d4 h4 9. d5 Ne7 10. e4 c6 11. a4 cxd5 {...d4 is the strong threat.} 12. a5 {[%cal Re4d5]} Nc4 13. exd5 Nd6 14. b3 $146 (14. Ne4 $5 {[%cal Rd1a4]} Nef5 15. f4 $11) ({Predecessor:} 14. Ne4 Nef5 15. O-O hxg3 16. hxg3 Nxe4 17. Bxe4 {½-½ (17) Klekowski,M (2471)-Nevednichy,V (2524) Konya 2017}) 14... Ng6 15. O-O Be7 16. Ba3 f5 17. Re1 O-O 18. Na4 (18. Bc5 $11) 18... f4 (18... Qxa5 $15 19. Nc5 Rd8) 19. gxf4 (19. Nec3 $1 $11) 19... h3 $15 20. Bh1 (20. Bf3 $15) 20... Bg4 $17 21. f3 (21. Qd2 $17) 21... Bh5 $2 (21... Bd7 $19 22. fxe5 Bh4) 22. Nc5 $1 $36 {[%cal Rc5e6][%mdl 2048] aiming for Ne6. White is pushing.} Nf5 {And now ...Bxc5+ would win.} 23. Ne6 (23. Nxb7 $2 Bxa3 $1 {[%mdl 512]} 24. Nxd8 Bc5+ 25. Nd4 Raxd8 $19) 23... Bxa3 $1 24. Rxa3 Qh4 (24... Qd6 $11 25. Ra4 Nxf4 26. N2xf4 exf4) 25. Ra4 $16 {Threatens to win with fxe5.} ({But not} 25. Nxf8 Rxf8 26. Ra4 exf4 $15) 25... Ne3 $2 {[#]} (25... e4 $16 {was worth a try.} 26. Rxe4 Rf7) 26. Qd2 $1 $18 exf4 27. Ng3 (27. N2xf4 $142 Rxf4 28. Nxf4 (28. Qxe3 Rxa4 29. bxa4 Re8 $16) 28... Qg5+ 29. Kf2) 27... Rf6 $2 (27... Nf5) 28. Rxe3 fxe3 29. Qxe3 (29. Qc3 $142 Bxf3 30. Rxh4 Nxh4 31. Qxe3 Bxh1 32. Kxh1) 29... Nf4 30. Nxf4 ({Resist} 30. Rxf4 Rxf4 31. Qxf4 Qxf4 $16) 30... Qg5 31. Re4 Bf7 32. Nfh5 ({White should try} 32. Nxh3 $18 Qxe3+ 33. Rxe3) 32... Qxe3+ $14 33. Rxe3 Bxh5 (33... Ra6 $1 $14) 34. Nxh5 $18 Rf5 35. Ng3 Rxd5 36. f4 Rxa5 37. Bxb7 Rd8 38. Bf3 Rd2 39. Nf1 (39. Be2 $142) 39... Ra1 40. Be2 Kf8 41. Kf2 Rb2 42. Kf3 a5 43. Kg3 (43. Rc3 $16) 43... Rxe2 $11 {[%mdl 64] Remove Defender} 44. Rxe2 {Strongly threatening Nd2.} Rxf1 45. Ra2 {Accuracy: White = 30%, Black = 51%.} 1/2-1/2

[Event "USA-ch Juniors Open 2019"]
[Site "Saint Louis"]
[Date "2019.07.13"]
[Round "3.5"]
[White "Liang, Awonder"]
[Black "Sheng, Joshua"]
[Result "0-1"]
[WhiteElo "2592"]
[BlackElo "2449"]
[Annotator "TA"]
[PlyCount "112"]
[EventDate "2019.07.09"]
[EventType "tourn"]
[EventCountry "USA"]
[SourceTitle "playchess.com"]
[Source "ChessBase"]
[SourceQuality "1"]

{[%evp 14,112,36,21,22,29,16,8,26,0,0,-19,-20,-27,-15,-31,-23,-41,-36,-66,-16,-17,-16,-31,-40,-62,-62,-61,-33,-40,-31,-26,-43,-42,0,0,0,0,0,-26,16,0,0,0,0,0,0,0,0,0,16,0,0,0,0,0,9,0,0,0,0,0,0,0,0,-191,-190,-200,-190,-184,-193,-188,-195,-200,-176,-214,-220,-182,-190,-185,-176,-236,-236,-323,-323,-317,-317,-335,-321,-327,-316,-470,-505,-494,-489,-1618,-1692,-6390,-6357,-2710,-2477]} 1. e4 e5 2. Nf3 Nc6 3. Bb5 a6 4. Ba4 Nf6 5. O-O b5 6. Bb3 Bb7 7. d3 Be7 8. c4 O-O {C84: Closed Ruy Lopez: Unusual White 6th moves} 9. Nc3 bxc4 10. dxc4 $146 ({Predecessor:} 10. Bxc4 d6 11. a3 Nd4 12. b4 a5 13. b5 Qd7 14. a4 Rfd8 15. Nxd4 exd4 16. Nd5 Nxd5 17. Bxd5 {1-0 (55) Sasikiran,K (2639)-Mihajlov,S (2336) Skopje 2015}) 10... Bc5 {The position is equal.} 11. Ba4 d6 12. Bxc6 Bxc6 13. Qd3 Rb8 14. Rb1 a5 15. Bg5 h6 16. Bh4 Kh7 17. Nd5 Bxd5 $1 18. exd5+ e4 19. Qc2 g5 20. Bg3 Kg8 21. Nd2 Re8 22. Kh1 Qd7 23. h3 e3 24. fxe3 Nh5 25. Bh2 Bxe3 26. Rbe1 Bd4 (26... f5 $5) 27. Qd1 Rxe1 28. Rxe1 Nf6 29. Nb3 Bb6 30. Nd4 Re8 {[#] White must now prevent ...Rxe1+.} 31. Bg1 Ne4 32. Qd3 Qe7 33. Rf1 Qe5 $36 {[%mdl 2048] aiming for ...Ng3+. Black is more active.} 34. Nf5 {Threatens to win with Bxb6.} h5 35. Bxb6 cxb6 36. Kg1 Qxb2 37. Qf3 Qf6 38. Qxh5 {And now Nh6+ would win.} Kf8 39. Qg4 $2 {[#]} (39. Qd1 $11 {and White has nothing to worry.}) 39... Nd2 $1 $19 {[%cal Rd2f1]} 40. Rc1 Re4 41. Qd1 Nxc4 ({Much less strong is} 41... Qxf5 42. Qxd2 Qe5 43. Qc3 $15) 42. Ng3 Rd4 43. Qh5 Rh4 44. Qe2 Qf4 45. Qe1 Qd4+ 46. Kh2 Qxd5 47. Rd1 (47. Rc2 $142) 47... Qc5 48. Rd3 Ne5 49. Rc3 Rc4 50. Rxc4 Nxc4 ({Weaker is} 50... Qxc4 51. Qd2 $17) 51. Qc3 b5 52. Kh1 (52. Ne4 {was worth a try.} Qf5 53. Qh8+ Ke7 54. Qd4) 52... Qe5 {Black is clearly winning.} 53. Qf3 d5 54. Qg4 (54. Nf1 $142 b4 55. Qd1) 54... Ne3 55. Qc8+ Kg7 56. Nh5+ Kh6 {Accuracy: White = 44%, Black = 76%.} 0-1

[Event "USA-ch Juniors Open 2019"]
[Site "Saint Louis"]
[Date "2019.07.14"]
[Round "4.1"]
[White "Vaidya, Atulya"]
[Black "Sheng, Joshua"]
[Result "1/2-1/2"]
[WhiteElo "2118"]
[BlackElo "2449"]
[Annotator "ChessBase"]
[PlyCount "60"]
[EventDate "2019.07.09"]
[EventType "tourn"]
[EventCountry "USA"]
[SourceTitle "playchess.com"]
[Source "ChessBase"]
[SourceQuality "1"]
[TimeControl "40/5400+30:1800+30"]

1. d4 {[%emt 0:00:00]} Nf6 {[%emt 0:00:00]} 2. c4 {[%emt 0:00:00]} e6 {[%emt 0:00:00]} 3. Nc3 {[%emt 0:00:00]} Bb4 {[%emt 0:00:00]} 4. Qc2 {[%emt 0:00:00]} d5 {[%emt 0:00:00]} 5. cxd5 {[%emt 0:00:00]} Qxd5 {[%emt 0:00:01]} 6. e3 {[%emt 0:02:32]} c5 {[%emt 0:01:55]} 7. Bd2 {[%emt 0:06:54]} Bxc3 {[%emt 0:01:37]} 8. Bxc3 {[%emt 0:00:31]} Nc6 {[%emt 0:06:46]} 9. dxc5 {[%emt 0:04:18]} Qxc5 {[%emt 0:00:06]} 10. Bd3 {[%emt 0:01:41]} O-O {[%emt 0:03:51]} 11. a3 {[%emt 0:03:09]} Qh5 {[%emt 0:02:40]} 12. Ne2 {[%emt 0:05:43]} Nd5 {[%emt 0:07:43]} 13. Nf4 {[%emt 0:01:02]} Nxf4 {[%emt 0:00:28]} 14. exf4 {[%emt 0:00:11]} Bd7 {[%emt 0:03:31]} 15. O-O {[%emt 0:02:48]} Ne7 {[%emt 0:05:31]} 16. Be4 {[%emt 0:02:54]} Bc6 {[%emt 0:06:39]} 17. Bb4 {[%emt 0:00:32]} Rfe8 {[%emt 0:01:13]} 18. Bxe7 {[%emt 0:00:14]} Bxe4 {[%emt 0:00:29]} 19. Qxe4 {[%emt 0:00:07]} Rxe7 {[%emt 0:00:01]} 20. Rfd1 {[%emt 0:00:16]} Rc7 {[%emt 0:09:16]} 21. Rd2 {[%emt 0:00:37]} Rac8 {[%emt 0:03:34]} 22. g3 {[%emt 0:00:38]} g6 {[%emt 0:01:57]} 23. Kg2 {[%emt 0:00:27]} Qb5 {[%emt 0:01:51]} 24. Rad1 {[%emt 0:01:32]} Rc4 {[%emt 0:05:13]} 25. Qe5 {[%emt 0:03:13]} Qxe5 {[%emt 0:02:29]} 26. fxe5 {[%emt 0:00:07]} R8c5 {[%emt 0:04:13]} 27. Rd8+ {[%emt 0:02:21]} Kg7 {[%emt 0:00:04]} 28. R8d7 {[%emt 0:00:06]} Rxe5 {[%emt 0:01:42]} 29. Rxb7 {[%emt 0:00:11]} Rc2 {[%emt 0:00:47]} 30. Rd3 {[%emt 0:00:06]} Rf5 {[%emt 0:03:52]} 1/2-1/2

[Event "USA-ch Juniors Open 2019"]
[Site "Saint Louis"]
[Date "2019.07.14"]
[Round "4.2"]
[White "Burke, John M"]
[Black "Liang, Awonder"]
[Result "0-1"]
[WhiteElo "2562"]
[BlackElo "2592"]
[PlyCount "60"]
[EventDate "2019.07.09"]
[EventType "tourn"]
[EventCountry "USA"]

{[%evp 14,60,24,17,27,27,43,25,43,36,43,48,48,31,37,27,26,0,56,0,0,-10,0,0,0,-39,-27,-41,-45,-176,-164,-189,-189,-271,-271,-271,-257,-259,-257,-266,-266,-417,-383,-4886,-2825,-5052,-5043,-2824,-1292]} 1. e4 c6 2. d4 d5 3. Nd2 dxe4 4. Nxe4 Nf6 5. Nxf6+ exf6 6. c3 Bd6 7. Bd3 O-O 8. Qc2 (8. Be3 {feels hotter.} Re8 9. Qc2 h5 10. Ne2 Nd7 11. O-O) 8... h5 {B15: Caro-Kann: 3 Nc3: 3...g6 and 3...dxe4 4 Nxe4 Nf6 5 Nxf6+ exf6} 9. Ne2 Re8 10. O-O h4 {White has an edge.} 11. h3 Nd7 12. Be3 Nf8 13. Rad1 {[#]} Be6 $146 ({Predecessor:} 13... Ne6 14. c4 Ng5 15. Rfe1 Bc7 16. a3 {0-1 (52) Haldorsen,B (2448)-Artemiev,V (2736) Skopje 2019}) 14. c4 Rc8 15. Qa4 g5 (15... Ng6 $11) 16. d5 ({White should play} 16. Bc1 $14) 16... cxd5 $11 17. cxd5 Bd7 18. Qxa7 Qe7 {With the idea ...Qe5!} 19. Nd4 ({Don't play} 19. Qxb7 Rb8 $17) 19... f5 $1 {[%cal Rf5f4] Hoping for ...f4.} (19... Qe5 $2 20. Nf3 $18) 20. Rfe1 ({Avoid the trap} 20. Nxf5 $2 Bxf5 21. Qd4 (21. Bxf5 $2 Qe5 $19 {[%mdl 64] Double Attack}) 21... Bxd3 $19) 20... Bc5 $1 {[%cal Rc5a7]} 21. Qa5 {[#]} (21. Nxf5 $15 Bxf5 22. Bxc5 Qxe1+ 23. Rxe1 Rxe1+ 24. Kh2 (24. Bf1 Bd3 $15) 24... Bxd3 25. Be3) 21... b6 $1 $19 {[%cal Rb6a5]} 22. Qa6 {[#]} Bxd4 $1 23. Bxd4 (23. Bxf5 {was necessary.} Bxf5 24. Rxd4) 23... Qxe1+ 24. Rxe1 Rxe1+ 25. Bf1 {aiming for Bc3.} Rcc1 {Threatens to win with ...b5.} 26. Bxb6 f4 27. Bd8 (27. Ba5 $142 Rxf1+ 28. Qxf1 Rxf1+ 29. Kxf1) 27... Bf5 {And now ...Red1 would win.} (27... Rxf1+ $2 28. Qxf1 Rxf1+ 29. Kxf1 $19) 28. g4 $2 (28. f3 Nh7 29. a4) 28... hxg3 {( -> ...Bxh3). Black is clearly winning.} 29. fxg3 Bxh3 30. gxf4 gxf4 {Accuracy: White = 37%, Black = 74%.} (30... Bxf1 $142 31. Qa5 Re2) 0-1